[Event "Olomoucke sachove leto GM1"]
[Site "?"]
[Date "2015.08.17"]
[Round "4.1"]
[White "Repka, Christopher"]
[Black "Simacek, Pavel"]
[Result "1-0"]
[WhiteElo "2450"]
[BlackElo "2461"]
[PlyCount "58"]
[EventDate "2015.??.??"]

1. d4 d5 2. c4 c6 3. Nf3 Bf5 4. Qb3 Qb6 5. Nc3 e6 6. c5 Qxb3 7. axb3 Na6 8. Na2
Nf6 9. b4 Be7 10. b5 cxb5 11. e4 dxe4 12. Bxb5+ Kf8 13. Bxa6 bxa6 14. Ne5 Nd5
15. O-O f6 16. Nc6 Rc8 17. Nab4 Nxb4 18. Nxb4 e5 19. dxe5 Bxc5 20. Nxa6 Bd4 21.
exf6 gxf6 22. Ra5 Bg6 23. Be3 Bxb2 24. Nc5 Re8 25. Rb1 Be5 26. Rxa7 Re7 27.
Nd7+ Kf7 28. Bc5 e3 29. Nxe5+ fxe5 1-0

[Event "Olomoucke sachove leto GM1"]
[Site "?"]
[Date "2015.08.17"]
[Round "4.2"]
[White "Zilka, Stepan"]
[Black "Ivanov, Mikhail M"]
[Result "1-0"]
[WhiteElo "2508"]
[BlackElo "2408"]
[PlyCount "61"]
[EventDate "2015.??.??"]

1. d4 Nf6 2. c4 d6 3. Nf3 Bf5 4. g3 Qc8 5. Qb3 c5 6. dxc5 dxc5 7. Bg2 Nc6 8.
Nc3 e6 9. Bf4 Nd7 10. Rd1 Be7 11. Nb5 O-O 12. Bd6 Nb6 13. O-O Bxd6 14. Nxd6 Qc7
15. Nxb7 Nb4 16. Ne1 a5 17. a3 a4 18. Qe3 Na6 19. Qc3 Bg6 20. Nd3 Rab8 21. Na5
f6 22. Nc6 Ra8 23. Qa5 Kh8 24. Nxc5 Nxc4 25. Nxa6 Qc8 26. Qc3 Qxa6 27. Nb4 Qb5
28. Bc6 Qc5 29. Bxa8 Rxa8 30. Rd4 Rc8 31. Rc1 1-0

[Event "Olomoucke sachove leto GM1"]
[Site "?"]
[Date "2015.08.17"]
[Round "4.3"]
[White "Marek, Matyas"]
[Black "Plat, Vojtech"]
[Result "1-0"]
[WhiteElo "2344"]
[BlackElo "2458"]
[PlyCount "83"]
[EventDate "2015.??.??"]

1. e4 e5 2. Nf3 Nc6 3. Bb5 a6 4. Ba4 f5 5. d3 Nf6 6. O-O fxe4 7. dxe4 d6 8. Nc3
Bg4 9. Qd3 Be7 10. h3 Bxf3 11. Qxf3 O-O 12. Ne2 Kh8 13. c3 d5 14. exd5 Nxd5 15.
Qg4 Nf6 16. Qg3 Qe8 17. Bc2 Qh5 18. Qe3 Rad8 19. Ng3 Qf7 20. Qf3 Qc4 21. Nf5
Bc5 22. Qg3 Nh5 23. Qg5 Qe2 24. Ne3 Nf4 25. Bd1 Bxe3 26. Bxe3 Qxb2 27. Ba4 b5
28. Bb3 Qxc3 29. Rac1 Ne2+ 30. Kh2 Nxc1 31. Rxc1 Qb2 32. Rxc6 Rd7 33. Rxa6 Qc3
34. Re6 c5 35. Qxe5 Qxe5+ 36. Rxe5 c4 37. Bc2 Rb8 38. Rc5 Ra7 39. Bb1 Kg8 40.
Kg3 Ra3 41. Kf3 c3 42. Bc2 1-0

[Event "Olomoucke sachove leto GM1"]
[Site "?"]
[Date "2015.08.17"]
[Round "4.4"]
[White "Nguyen, Thai Dai Van"]
[Black "Yagupov, Igor"]
[Result "1/2-1/2"]
[WhiteElo "2364"]
[BlackElo "2348"]
[PlyCount "127"]
[EventDate "2015.??.??"]

1. d4 f5 2. Nc3 Nf6 3. Bg5 d5 4. f3 c5 5. e4 cxd4 6. Qxd4 dxe4 7. Qxd8+ Kxd8 8.
O-O-O+ Bd7 9. fxe4 fxe4 10. Bc4 Nc6 11. Nge2 Kc7 12. Nb5+ Kc8 13. Ng3 Ne5 14.
Be2 a6 15. Nc3 Bc6 16. Rhe1 h6 17. Be3 e6 18. Bd4 Ned7 19. Bc4 e5 20. Bg1 Bb4
21. Be6 Bxc3 22. bxc3 Kc7 23. Bxd7 Nxd7 24. Nxe4 Rae8 25. h4 Re6 26. Nc5 Nxc5
27. Bxc5 Rhe8 28. Rd2 Rg6 29. Rde2 b6 30. Bg1 e4 31. Bh2+ Kb7 32. Bf4 Rg4 33.
g3 g5 34. hxg5 hxg5 35. Be3 Rxg3 36. Rh2 Re7 37. Kd2 Rd7+ 38. Bd4 g4 39. Re3
Rg1 40. Ke2 Ra1 41. Rg3 Rxa2 42. Ke3 a5 43. Rxg4 Ra4 44. Rh8 Ra1 45. Rg6 Re1+
46. Kf2 Rb1 47. Rhh6 Rc7 48. c4 Rb4 49. c3 Rxc4 50. Rg8 Ka6 51. Rb8 Rb7 52. Rc8
Kb5 53. Rh5+ Ka4 54. Rh6 Kb5 55. Rh5+ Rc5 56. Bxc5 bxc5 57. c4+ Kb6 58. Ke3 Rd7
59. Rh6 Rc7 60. Rb8+ Rb7 61. Rc8 Rc7 62. Rb8+ Rb7 63. Rc8 Rc7 64. Rb8+ 1/2-1/2

[Event "Olomoucke sachove leto GM1"]
[Site "?"]
[Date "2015.08.17"]
[Round "4.5"]
[White "Rasik, Vitezslav"]
[Black "Ioannidis, Evgenios"]
[Result "1-0"]
[WhiteElo "2446"]
[BlackElo "2362"]
[PlyCount "99"]
[EventDate "2015.??.??"]

1. e4 c5 2. Nf3 d6 3. Bb5+ Bd7 4. Bxd7+ Qxd7 5. O-O Nc6 6. c3 Nf6 7. d4 Nxe4 8.
d5 Ne5 9. Nxe5 dxe5 10. Re1 Nf6 11. Rxe5 e6 12. c4 O-O-O 13. Bg5 h6 14. Bxf6
gxf6 15. Rh5 f5 16. Nc3 Bg7 17. Qf3 a6 18. Rd1 Qc7 19. Rh3 Rhe8 20. Qd3 Bd4 21.
b4 Qe5 22. bxc5 exd5 23. Nxd5 Bxc5 24. Rxh6 Kb8 25. Rh5 Qe1+ 26. Rxe1 Rxe1+ 27.
Qf1 Rxf1+ 28. Kxf1 b5 29. Rxf5 bxc4 30. Ke2 Bd4 31. Ne3 Bxe3 32. Kxe3 Rd3+ 33.
Ke4 Rd2 34. Ke3 Rd3+ 35. Ke2 Ra3 36. h4 Rxa2+ 37. Ke3 Ra3+ 38. Kd4 c3 39. Kd3
Ra4 40. h5 Rc4 41. Kc2 Kc7 42. h6 Kd6 43. h7 Rh4 44. Rxf7 Ke6 45. Ra7 Kf5 46.
Kxc3 Kg6 47. Kd3 a5 48. g3 Rxh7 49. Rxh7 Kxh7 50. Kc4 1-0

[Event "Olomoucke sachove leto GM2"]
[Site "?"]
[Date "2015.08.17"]
[Round "4.1"]
[White "Madan, Augustin"]
[Black "Plischki, Sebastian"]
[Result "1/2-1/2"]
[WhiteElo "2296"]
[BlackElo "2393"]
[PlyCount "93"]
[EventDate "2015.??.??"]

1. Nf3 Nf6 2. d4 g6 3. g3 Bg7 4. Bg2 c5 5. c3 cxd4 6. cxd4 O-O 7. O-O d5 8. Nc3
Ne4 9. Nxe4 dxe4 10. Ng5 Qxd4 11. Qxd4 Bxd4 12. Nxe4 Nc6 13. e3 Bg7 14. Nc5 Rd8
15. Rb1 Rb8 16. b3 Nb4 17. a3 Na6 18. Nxa6 bxa6 19. e4 Be6 20. Bg5 Bf6 21. Bf4
Rxb3 22. Rxb3 Bxb3 23. e5 Bg7 24. Rb1 Rd1+ 25. Rxd1 Bxd1 26. Bc6 e6 27. a4 Kf8
28. h4 Bb3 29. a5 Bc4 30. Be4 Ke8 31. Bc6+ Kd8 32. Bg5+ Kc7 33. Be8 Bxe5 34.
Bxf7 Bc3 35. Bh6 Bxa5 36. Bg8 Bc3 37. Bxh7 a5 38. Bxg6 a4 39. Bc1 Kd6 40. Ba3+
Ke5 41. Be8 Bb3 42. h5 Bc2 43. Bf8 Kf6 44. h6 Bb2 45. Bg7+ Ke7 46. Bxa4 Bxg7
47. Bxc2 1/2-1/2

[Event "Olomoucke sachove leto GM2"]
[Site "?"]
[Date "2015.08.17"]
[Round "4.2"]
[White "Rydl, Jiri"]
[Black "Camarena Gimenez, Rufino"]
[Result "0-1"]
[WhiteElo "2419"]
[BlackElo "2378"]
[PlyCount "68"]
[EventDate "2015.??.??"]

1. c4 Nf6 2. g3 g6 3. Bg2 Bg7 4. Nc3 d6 5. e4 e5 6. Nge2 O-O 7. O-O Nc6 8. d3
Nh5 9. Be3 Nd4 10. Qd2 c6 11. f4 Nxe2+ 12. Qxe2 exf4 13. gxf4 f5 14. c5 dxc5
15. e5 Bh6 16. Rf2 Be6 17. Rd1 Qh4 18. Qf1 Rfd8 19. Rf3 b6 20. Kh1 Rac8 21. Rh3
Qe7 22. Qf2 c4 23. d4 Qf7 24. a3 b5 25. d5 Bxd5 26. Bxd5 cxd5 27. Nxb5 Qb7 28.
Nd4 c3 29. b3 Bf8 30. Qg2 Ng7 31. Bc1 Bc5 32. Rhd3 Bxd4 33. Rxd4 Qxb3 34. Qe2
c2 0-1

[Event "Olomoucke sachove leto GM2"]
[Site "?"]
[Date "2015.08.17"]
[Round "4.3"]
[White "Cerveny, Martin"]
[Black "Sergeev, Vladimir"]
[Result "1-0"]
[WhiteElo "2399"]
[BlackElo "2452"]
[PlyCount "79"]
[EventDate "2015.??.??"]

1. e4 c6 2. d4 d5 3. Nd2 g6 4. e5 Nh6 5. Ndf3 f6 6. h4 Bg4 7. c4 fxe5 8. dxe5
Nf7 9. cxd5 Qxd5 10. Qxd5 cxd5 11. Nh2 Bf5 12. g4 Bd7 13. f4 Nc6 14. Ngf3 h5
15. gxh5 Rxh5 16. Rg1 Bf5 17. Be3 e6 18. Rc1 Be7 19. Bb5 Kd7 20. Nd4 Bxh4+ 21.
Ke2 Rc8 22. Nxf5 gxf5 23. Rg7 Be7 24. Nf3 Rf8 25. Bxa7 Nfd8 26. Bc5 Re8 27. a4
Rhh8 28. a5 Rhg8 29. Rcg1 Rxg7 30. Rxg7 Kc8 31. Bb6 Rh8 32. Bxd8 Bxd8 33. a6
Bc7 34. Bxc6 bxc6 35. Nd4 Rh2+ 36. Kd3 Rh3+ 37. Kc2 Rh2+ 38. Kb1 Rh1+ 39. Ka2
Rh8 40. Nxe6 1-0

[Event "Olomoucke sachove leto GM2"]
[Site "?"]
[Date "2015.08.17"]
[Round "4.4"]
[White "Kourousis, Epaminondas"]
[Black "Cernousek, Lukas"]
[Result "1-0"]
[WhiteElo "2421"]
[BlackElo "2458"]
[PlyCount "33"]
[EventDate "2015.??.??"]

1. d4 Nf6 2. c4 g6 3. Nc3 d5 4. Bg5 Ne4 5. h4 Nxg5 6. hxg5 dxc4 7. e3 c5 8.
dxc5 Qxd1+ 9. Rxd1 Be6 10. Rh4 Na6 11. Bxc4 Nxc5 12. Bb5+ Nd7 13. Rc4 a6 14.
Bxd7+ Bxd7 15. Nd5 Ra7 16. Rc8+ Bxc8 17. Nc7# 1-0

[Event "Olomoucke sachove leto GM2"]
[Site "?"]
[Date "2015.08.17"]
[Round "4.5"]
[White "Neuman, Petr"]
[Black "Teske, Henrik"]
[Result "1/2-1/2"]
[WhiteElo "2464"]
[BlackElo "2475"]
[PlyCount "36"]
[EventDate "2015.??.??"]

1. d4 d5 2. c4 c6 3. e3 Nf6 4. Nf3 Bf5 5. Nc3 e6 6. Nh4 Be4 7. f3 Bg6 8. Qb3
Qc7 9. g3 Nbd7 10. Bd2 Be7 11. Nxg6 hxg6 12. O-O-O a6 13. Kb1 dxc4 14. Qxc4 b5
15. Qe2 c5 16. dxc5 Nxc5 17. Rc1 O-O 18. e4 Rfd8 1/2-1/2

[Event "Olomoucke sachove leto IM"]
[Site "?"]
[Date "2015.08.17"]
[Round "4.1"]
[White "Zhylkaidarova, Sholpan"]
[Black "Jurek, Josef"]
[Result "1-0"]
[WhiteElo "2145"]
[BlackElo "2285"]
[PlyCount "113"]
[EventDate "2015.??.??"]

1. d4 Nf6 2. c4 e6 3. Nc3 d5 4. Bg5 Nbd7 5. e3 Bb4 6. cxd5 exd5 7. Bd3 c5 8.
Nge2 c4 9. Bc2 Qa5 10. O-O O-O 11. f3 Re8 12. Qc1 Be7 13. e4 dxe4 14. fxe4 Nxe4
15. Nxe4 Bxg5 16. Nxg5 Rxe2 17. Bxh7+ Kh8 18. Rxf7 Qd5 19. Qf1 Qxg5 20. Qxe2
Kxh7 21. Raf1 Nb6 22. h4 Bg4 23. Qe4+ Qg6 24. Qxb7 Be6 25. R7f6 Bd5 26. Rxg6
Bxb7 27. Rg5 Bd5 28. Re1 Kg8 29. Re7 Bf7 30. Ra5 a6 31. Rb7 Nd5 32. Rxf7 Kxf7
33. Rxd5 Rb8 34. Rf5+ Ke6 35. Rf2 Kd5 36. Rd2 Rf8 37. g3 a5 38. Kg2 a4 39. a3
Ke4 40. d5 Ke3 41. Rc2 Kd3 42. Rc3+ Kd4 43. d6 Rb8 44. Rc2 Kd3 45. Rf2 Rd8 46.
g4 Rxd6 47. h5 Ke4 48. Kg3 Rd3+ 49. Kh4 c3 50. bxc3 Rxc3 51. Rf7 Rxa3 52. Rxg7
Ke5 53. Kg5 Rc3 54. Re7+ Kd6 55. Ra7 Rc4 56. h6 Ke6 57. h7 1-0

[Event "Olomoucke sachove leto IM"]
[Site "?"]
[Date "2015.08.17"]
[Round "4.2"]
[White "Soural, Jan"]
[Black "Paszewski, Mateusz"]
[Result "0-1"]
[WhiteElo "2215"]
[BlackElo "2292"]
[PlyCount "160"]
[EventDate "2015.??.??"]

1. d4 Nf6 2. c4 e6 3. Nc3 Bb4 4. Bg5 c5 5. d5 d6 6. e3 exd5 7. cxd5 Nbd7 8. Bd3
Qa5 9. Bxf6 Nxf6 10. Nge2 Nxd5 11. O-O Bxc3 12. bxc3 Nf6 13. Bc4 Qc7 14. Qd3
O-O 15. Rfd1 Rd8 16. Nf4 b6 17. f3 Bb7 18. e4 Qe7 19. Nd5 Bxd5 20. Bxd5 Rab8
21. Bc4 Ne8 22. Rd2 Nc7 23. Rb1 Qe8 24. Bb5 Nxb5 25. Qxb5 Qxb5 26. Rxb5 Kf8 27.
a4 Ke7 28. c4 Kd7 29. Rb3 Kc6 30. Kf2 Rd7 31. Rbd3 a6 32. Rd5 f6 33. f4 Re8 34.
Kf3 h6 35. h4 Re6 36. h5 Kc7 37. g4 Rde7 38. Re2 Kc6 39. Rd3 Rd7 40. Rb3 Re8
41. Ra2 Rb8 42. Rb1 Rdb7 43. Ke3 b5 44. axb5+ axb5 45. Ra6+ Kc7 46. cxb5 Rxb5
47. Rxb5 Rxb5 48. Ra7+ Rb7 49. Ra6 Rb3+ 50. Ke2 Rb6 51. Ra7+ Rb7 52. Ra6 Kd7
53. Ra8 Ke6 54. Re8+ Re7 55. Rd8 Ra7 56. Re8+ Kd7 57. Rg8 Kc6 58. Kd3 Ra3+ 59.
Ke2 Ra2+ 60. Kd3 Ra3+ 61. Ke2 Ra7 62. Kd3 Rd7 63. Kc4 Re7 64. Kd3 Rd7 65. Kc4
Re7 66. Kd3 Ra7 67. Rc8+ Rc7 68. Rg8 d5 69. exd5+ Kxd5 70. Rd8+ Ke6 71. Re8+
Kd6 72. Kc4 Kd7 73. Ra8 Ke7 74. Ra6 Kf7 75. Rd6 g6 76. hxg6+ Kxg6 77. Rd5 Ra7
78. Kxc5 Ra5+ 79. Kd4 Rxd5+ 80. Kxd5 f5 0-1

[Event "Olomoucke sachove leto IM"]
[Site "?"]
[Date "2015.08.17"]
[Round "4.3"]
[White "Malik, Jan"]
[Black "Ovchinnikov, Vsevolod"]
[Result "1/2-1/2"]
[WhiteElo "2305"]
[BlackElo "2224"]
[PlyCount "58"]
[EventDate "2015.??.??"]

1. e4 e6 2. d4 d5 3. Nd2 Nf6 4. e5 Nfd7 5. Bd3 c5 6. c3 Nc6 7. Ne2 Qb6 8. Nf3
cxd4 9. cxd4 f6 10. exf6 Nxf6 11. O-O Bd6 12. b3 O-O 13. Bf4 Bxf4 14. Nxf4 Ne4
15. Ne2 Bd7 16. Bxe4 dxe4 17. Ng5 Rad8 18. Qd2 h6 19. Nxe4 Be8 20. Qe3 Nxd4 21.
Nxd4 Rxd4 22. Rad1 Rxd1 23. Rxd1 Qxe3 24. fxe3 Bc6 25. Nc5 Re8 26. Rd6 Kf7 27.
Kf2 Kf6 28. g3 Ke5 29. Rd4 Rc8 1/2-1/2

[Event "Olomoucke sachove leto IM"]
[Site "?"]
[Date "2015.08.17"]
[Round "4.4"]
[White "Bures, Jaroslav"]
[Black "Biolek, Richard"]
[Result "1/2-1/2"]
[WhiteElo "2384"]
[BlackElo "2447"]
[PlyCount "79"]
[EventDate "2015.??.??"]

1. f4 d5 2. Nf3 g6 3. g3 Bg7 4. Bg2 c5 5. O-O Nc6 6. d3 e6 7. Na3 Nge7 8. e4
O-O 9. c4 b6 10. Qe2 Bb7 11. Be3 Qd7 12. Rad1 d4 13. Bd2 f6 14. Rb1 e5 15. fxe5
Nxe5 16. Nxe5 fxe5 17. Rxf8+ Rxf8 18. b4 Bc8 19. bxc5 bxc5 20. Nc2 Nc6 21. Na1
Qd6 22. Nb3 Be6 23. Bf3 h5 24. g4 hxg4 25. Bxg4 Nd8 26. Kh1 Bxg4 27. Qxg4 Rf2
28. Rg1 Qf8 29. a4 Qf7 30. Be1 Rf4 31. Qxg6 Qxg6 32. Rxg6 Kf7 33. Rg3 Ne6 34.
Kg2 Rf6 35. Bd2 Bh6 36. Bxh6 Rxh6 37. h3 Rh8 38. Na5 Nf4+ 39. Kh2 Rb8 40. Nc6
1/2-1/2

[Event "Olomoucke sachove leto IM"]
[Site "?"]
[Date "2015.08.17"]
[Round "4.5"]
[White "Kozusek, Daniel"]
[Black "Shevchenko, Kirill"]
[Result "1/2-1/2"]
[WhiteElo "2347"]
[BlackElo "2265"]
[PlyCount "136"]
[EventDate "2015.??.??"]

1. e4 c5 2. Nc3 d6 3. f4 g6 4. Nf3 Bg7 5. Bb5+ Bd7 6. Bxd7+ Qxd7 7. O-O Nc6 8.
d3 f5 9. Qe1 e6 10. Be3 Nge7 11. Qf2 O-O 12. Rad1 Rac8 13. d4 fxe4 14. Nxe4 c4
15. Bc1 b5 16. c3 Nd5 17. Qh4 Nce7 18. Rfe1 Nf5 19. Qh3 h6 20. Re2 Rce8 21.
Rde1 Nc7 22. Nh4 Nxh4 23. Qxh4 Nd5 24. Qg4 Kh7 25. h4 Rf5 26. Ng3 h5 27. Qf3
Rf7 28. f5 gxf5 29. Nxh5 b4 30. Bg5 bxc3 31. bxc3 Nc7 32. Nxg7 Rxg7 33. Qh5+
Kg8 34. Re3 Nd5 35. Rg3 e5 36. dxe5 dxe5 37. Qe2 Qc7 38. Qd2 Qc5+ 39. Kh2 f4
40. Rh3 Qc6 41. g3 Ne3 42. gxf4 exf4 43. Rg1 Qe4 44. Qf2 Rf8 45. Rf3 Kh7 46.
Rxf4 Qe5 47. Rg3 Rxg5 48. Qxe3 Qxe3 49. Rxe3 Rxf4 50. hxg5 Rf2+ 51. Kg3 Rxa2
52. Kf4 a5 53. Re4 a4 54. Kf5 Rf2+ 55. Ke5 a3 56. Rxc4 a2 57. Ra4 Kg6 58. c4
Kxg5 59. c5 Re2+ 60. Kd6 Rd2+ 61. Kc7 Rc2 62. c6 Kh5 63. Kb7 Rb2+ 64. Kc8 Rc2
65. c7 Kg5 66. Kd7 Rd2+ 67. Ke6 Rc2 68. Rxa2 Rxc7 1/2-1/2

[Event "Olomoucke sachove leto Open Olomouc"]
[Site "?"]
[Date "2015.08.17"]
[Round "4.1"]
[White "Shilov, Sergey"]
[Black "Krejci, Jan"]
[Result "0-1"]
[WhiteElo "2171"]
[BlackElo "2506"]
[PlyCount "86"]
[EventDate "2015.??.??"]

1. Nf3 Nf6 2. g3 b5 3. Bg2 Bb7 4. O-O e6 5. d3 Be7 6. e4 d6 7. Qe2 Nbd7 8. a4
b4 9. a5 a6 10. b3 O-O 11. Bb2 c5 12. Nbd2 Re8 13. Nh4 Ne5 14. f4 Nc6 15. Nc4
Nd7 16. f5 Nd4 17. Qf2 Rf8 18. Bxd4 cxd4 19. fxe6 fxe6 20. Qxd4 d5 21. Kh1 Bc5
22. Qb2 dxc4 23. bxc4 Rxf1+ 24. Rxf1 Qxa5 25. d4 Be7 26. c5 Qa3 27. Qxa3 bxa3
28. Ra1 Rb8 29. Rxa3 g5 30. Nf3 Bxe4 31. Nd2 Bxc2 32. Rxa6 Kf7 33. Ra7 Nf6 34.
h3 Nd5 35. Nc4 Ke8 36. Ne5 Bf6 37. c6 Bxe5 38. dxe5 Rc8 39. Rg7 Rxc6 40. Rxg5
Kf7 41. Rg4 Rc3 42. Kh2 Re3 43. Rc4 Re2 0-1

[Event "Olomoucke sachove leto Open Olomouc"]
[Site "?"]
[Date "2015.08.17"]
[Round "4.2"]
[White "Studnicka, Tomas"]
[Black "Chkhaidze, Nikoloz"]
[Result "1-0"]
[WhiteElo "2383"]
[BlackElo "2225"]
[PlyCount "33"]
[EventDate "2015.??.??"]

1. d4 Nf6 2. c4 g6 3. Nc3 d5 4. cxd5 Nxd5 5. Bd2 Bg7 6. e4 Nb6 7. Be3 O-O 8.
Be2 Nc6 9. d5 Na5 10. Bd4 c5 11. Bxg7 Kxg7 12. b4 cxb4 13. Qd4+ Kg8 14. Qxb4
Nd7 15. Nf3 Nf6 16. O-O Bg4 17. e5 1-0

[Event "Olomoucke sachove leto Open Olomouc"]
[Site "?"]
[Date "2015.08.17"]
[Round "4.3"]
[White "Karlik, Vladimir"]
[Black "Zhou, Guijue"]
[Result "1/2-1/2"]
[WhiteElo "2251"]
[BlackElo "2207"]
[PlyCount "86"]
[EventDate "2015.??.??"]

1. e4 d6 2. d4 g6 3. Nf3 Bg7 4. Bc4 Nf6 5. Qe2 Bg4 6. e5 dxe5 7. Bxf7+ Kxf7 8.
Nxe5+ Ke8 9. Nxg4 Qxd4 10. Nxf6+ Bxf6 11. O-O Nc6 12. Nc3 Kf7 13. Nb5 Qe5 14.
Qc4+ Kg7 15. Bf4 Na5 16. Qa4 Qf5 17. Nxc7 Rac8 18. Rad1 Rhd8 19. Rfe1 Kh8 20.
h3 h5 21. Rxd8+ Rxd8 22. Ne6 Rg8 23. Bd2 Nc6 24. Qf4 Qxf4 25. Bxf4 g5 26. Be3
g4 27. hxg4 Rxg4 28. c3 b5 29. Nd4 Ne5 30. f3 Rg8 31. b3 a6 32. Bd2 Rd8 33. Bg5
b4 34. Bxf6+ exf6 35. Ne2 Rd2 36. Kf1 Nd3 37. Ra1 a5 38. cxb4 axb4 39. g3 Kh7
40. a3 bxa3 41. Rxa3 Rd1+ 42. Kg2 Rd2 43. Kf1 Rd1+ 1/2-1/2

[Event "Olomoucke sachove leto Open Olomouc"]
[Site "?"]
[Date "2015.08.17"]
[Round "4.4"]
[White "Schmid, Thomas"]
[Black "Ilandzis, Spyridon"]
[Result "1/2-1/2"]
[WhiteElo "2114"]
[BlackElo "2178"]
[PlyCount "117"]
[EventDate "2015.??.??"]

1. e4 d5 2. exd5 Qxd5 3. Nc3 Qa5 4. d4 Nf6 5. Nf3 Bf5 6. Bc4 e6 7. Bd2 c6 8.
Nd5 Qd8 9. Nxf6+ gxf6 10. Bb3 Qc7 11. Qe2 Nd7 12. O-O-O O-O-O 13. Nh4 Bg6 14.
Kb1 Kb8 15. g3 Nb6 16. Ba5 Bg7 17. Ng2 e5 18. dxe5 Qxe5 19. Qxe5+ fxe5 20. Rde1
Rc8 21. Nh4 Nd5 22. Nxg6 hxg6 23. c4 Nf6 24. Rxe5 Ng4 25. Re7 Nxf2 26. Rf1 Rxh2
27. Rxf7 Bd4 28. Bc2 Ng4 29. Bc3 Bxc3 30. bxc3 Ne3 31. R1f2 Rxf2 32. Rxf2 g5
33. Bb3 Re8 34. Rf3 Kc7 35. Kc1 Re4 36. c5 Re7 37. Kd2 Ng4 38. Rf5 Ne5 39. Kd1
g4 40. Rg5 Nd3 41. Kd2 Ne5 42. Bd1 Nf3+ 43. Bxf3 gxf3 44. Rf5 Re2+ 45. Kd3 Rxa2
46. Rxf3 a5 47. g4 a4 48. Rf7+ Kb8 49. Rf8+ Ka7 50. Rf4 a3 51. g5 Rg2 52. Ra4+
Kb8 53. Rxa3 Rxg5 54. Kc4 Rg4+ 55. Kb3 Kc7 56. Ra1 Rg5 57. Kc4 Rg4+ 58. Kb3 Rg5
59. Kc4 1/2-1/2

[Event "Olomoucke sachove leto Open Olomouc"]
[Site "Olomouc (CZE), Hotel Flora"]
[Date "2015.08.17"]
[Round "4.5"]
[White "Balokas, Dimitrios"]
[Black "Navratil-Sen., Jiri"]
[Result "1-0"]
[WhiteElo "2122"]
[BlackElo "2062"]
[PlyCount "64"]
[EventDate "2015.08.15"]

1. d4 d5 2. c4 e6 3. Nf3 Nf6 4. g3 c6 5. Bg2 Nbd7 6. O-O Be7 7. Qc2 Ne4 8. Nc3
f5 9. b3 O-O 10. Bb2 Bf6 11. e3 Rf7 12. Ne2 Bg5 13. Nxg5 Qxg5 14. Nf4 Nf8 15.
f3 Nf6 16. Bc1 Ng6 17. e4 Nxf4 18. Bxf4 Qh5 19. Be5 Bd7 20. exf5 exf5 21. Rae1
Re8 22. Re2 dxc4 23. bxc4 Rfe7 24. Rfe1 Qf7 25. f4 Ne4 26. g4 Nf6 27. gxf5 Qh5
28. d5 Bxf5 29. Qb3 Ng4 30. Qg3 Qg6 31. Bf3 Nxe5 32. Rxe5 Rxe5 1-0

[Event "Olomoucke sachove leto Open Olomouc"]
[Site "Olomouc (CZE), Hotel Flora"]
[Date "2015.08.17"]
[Round "4.6"]
[White "Baasansuren, Erdene"]
[Black "Musil, Vitezslav"]
[Result "1-0"]
[WhiteElo "1923"]
[BlackElo "1949"]
[PlyCount "87"]
[EventDate "2015.08.15"]

1. d4 Nf6 2. c4 g6 3. Nc3 Bg7 4. Nf3 d6 5. g3 O-O 6. Bg2 Bg4 7. O-O Nc6 8. h3
Bxf3 9. Bxf3 Nd7 10. e3 e5 11. d5 Ne7 12. e4 f5 13. Bg2 Kh8 14. f4 exf4 15.
Bxf4 Ne5 16. Qe2 c5 17. dxc6 bxc6 18. c5 dxc5 19. exf5 Nd3 20. fxg6 Nxf4 21.
gxf4 Qd4+ 22. Kh1 Nxg6 23. Rad1 Qf6 24. Rd7 Rae8 25. Qg4 Re7 26. Ne4 Qf5 27.
Qxf5 Rxf5 28. Rd8+ Rf8 29. Rxf8+ Nxf8 30. b3 Bd4 31. f5 Nd7 32. Ng5 Re2 33.
Bxc6 Nf6 34. Ne6 Nh5 35. Nxd4 Ng3+ 36. Kg1 cxd4 37. Rf3 Rc2 38. f6 Ne2+ 39. Kf1
Ng3+ 40. Ke1 Re2+ 41. Kd1 Re3 42. Rf4 Rd3+ 43. Kc2 Rc3+ 44. Kb2 1-0

[Event "Olomoucke sachove leto Open Olomouc"]
[Site "Olomouc (CZE), Hotel Flora"]
[Date "2015.08.17"]
[Round "4.7"]
[White "Ortoft, Kai"]
[Black "Klima, Lukas"]
[Result "0-1"]
[WhiteElo "2032"]
[BlackElo "2339"]
[PlyCount "86"]
[EventDate "2015.08.15"]

1. Nf3 c5 2. c4 Nc6 3. d4 cxd4 4. Nxd4 g6 5. e4 Bg7 6. Be3 Nf6 7. Nc3 d6 8. Be2
O-O 9. O-O Bd7 10. Rc1 Nxd4 11. Bxd4 a5 12. b3 Bc6 13. Qd3 Nd7 14. Bxg7 Kxg7
15. Nd5 Nc5 16. Qe3 e5 17. f4 Bxd5 18. exd5 exf4 19. Qxf4 Qe7 20. Qd4+ f6 21.
Rce1 Rae8 22. Qf2 Qe3 23. Qxe3 Rxe3 24. Bd1 Rfe8 25. Rxe3 Rxe3 26. Bc2 Re2 27.
Rf2 Re1+ 28. Rf1 Rxf1+ 29. Kxf1 f5 30. Ke2 Kf6 31. Ke3 Ke5 32. g3 g5 33. a3 b6
34. b4 axb4 35. axb4 Na6 36. b5 Nc5 37. Bd1 h6 38. Be2 Ne4 39. Bf3 Nf6 40. Be2
h5 41. h4 g4 42. Bd3 Ne4 43. Bxe4 fxe4 0-1

[Event "Olomoucke sachove leto Open Olomouc"]
[Site "Olomouc (CZE), Hotel Flora"]
[Date "2015.08.17"]
[Round "4.8"]
[White "Kratochvil, Vit"]
[Black "Olsar, Robin"]
[Result "1-0"]
[WhiteElo "2217"]
[BlackElo "2019"]
[PlyCount "51"]
[EventDate "2015.08.15"]

1. e4 Nf6 2. e5 Nd5 3. d4 d6 4. c4 Nb6 5. exd6 exd6 6. Nc3 Nc6 7. Be3 Be7 8.
Bd3 Nb4 9. Be2 Bf5 10. Rc1 a5 11. a3 Na6 12. Nf3 O-O 13. O-O c6 14. Qb3 Bc8 15.
Rfd1 Re8 16. c5 Nd7 17. cxd6 Bxd6 18. Bc4 Rf8 19. Ng5 Qe7 20. Nce4 a4 21. Qa2
Nb6 22. Bxf7+ Kh8 23. Nxd6 Qxd6 24. Qb1 g6 25. d5 Nd7 26. dxc6 1-0

[Event "Olomoucke sachove leto Open Olomouc"]
[Site "Olomouc (CZE), Hotel Flora"]
[Date "2015.08.17"]
[Round "4.9"]
[White "Trenner, Rolf"]
[Black "Radionov, Timur"]
[Result "1-0"]
[WhiteElo "2189"]
[BlackElo "1991"]
[PlyCount "99"]
[EventDate "2015.08.15"]

1. d4 Nf6 2. c4 c5 3. e3 cxd4 4. exd4 d5 5. Nc3 Be6 6. c5 g6 7. Qb3 Qc8 8. Bb5+
Nc6 9. Nge2 Bg7 10. Bg5 O-O 11. O-O Qc7 12. Rfd1 Ng4 13. Bf4 Qd8 14. a3 h6 15.
h3 Nf6 16. Bh2 g5 17. Bd3 Qd7 18. f4 gxf4 19. Bxf4 Nh5 20. Be3 Kh8 21. Rf1 Bf6
22. Rf3 Rg8 23. Kh1 Bg5 24. Raf1 Rg7 25. Bb1 Rag8 26. Qc2 Bxe3 27. Rxe3 f5 28.
Rf2 Rf8 29. Qd2 Rg6 30. g4 Ng7 31. Nf4 Rgf6 32. Nxe6 Rxe6 33. gxf5 Rxe3 34.
Qxe3 Rf6 35. b4 Nd8 36. Qe5 Rf7 37. Qxd5 Qxd5+ 38. Nxd5 Nc6 39. Rf4 Nh5 40. Rg4
Ng7 41. b5 h5 42. bxc6 bxc6 43. Rxg7 Kxg7 44. Nf4 Kh6 45. Ne6 a5 46. d5 a4 47.
dxc6 h4 48. c7 Kh5 49. c8=Q Rf8 50. Nxf8 1-0

[Event "Olomoucke sachove leto Open Olomouc"]
[Site "Olomouc (CZE), Hotel Flora"]
[Date "2015.08.17"]
[Round "4.10"]
[White "Horak, Martin"]
[Black "Valenta, Vit"]
[Result "0-1"]
[WhiteElo "2019"]
[BlackElo "2142"]
[PlyCount "58"]
[EventDate "2015.08.15"]

1. e4 c5 2. Nf3 e6 3. d4 cxd4 4. Nxd4 Nf6 5. Nc3 Bb4 6. e5 Ne4 7. Qg4 Nxc3 8.
Qxg7 Rf8 9. a3 Be7 10. bxc3 a6 11. Bd3 Qa5 12. Bd2 Nc6 13. Nxc6 bxc6 14. O-O
Bb7 15. Rab1 O-O-O 16. Be4 d5 17. exd6 Bxd6 18. Bg5 Rd7 19. Rfd1 f6 20. Qh6
Qxg5 21. Qh3 f5 22. Bd3 Qf4 23. Qh5 Qg4 24. Qh6 c5 25. Bf1 Bxg2 26. Bxg2 Rg8
27. Kf1 Qxg2+ 28. Ke2 Qe4+ 29. Kf1 Rdg7 0-1

[Event "Olomoucke sachove leto Open senioru"]
[Site "Olomouc (CZE), Hotel Flora"]
[Date "2015.08.17"]
[Round "4.1"]
[White "Zdrazil, Bohumir"]
[Black "Prachar, Josef"]
[Result "0-1"]
[WhiteElo "1933"]
[BlackElo "1899"]
[PlyCount "40"]
[EventDate "2015.08.15"]

1. d4 Nf6 2. Nf3 g6 3. c4 Bg7 4. Nc3 O-O 5. e4 d6 6. Bg5 Nbd7 7. h3 c5 8. d5 a6
9. Qd2 Qa5 10. Bh6 Bxh6 11. Qxh6 Nxe4 12. Ng5 Ndf6 13. Rc1 Nxc3 14. Rxc3 Qxa2
15. Be2 Qxb2 16. Rf3 Qb4+ 17. Kd1 Bf5 18. Rxf5 Qb1+ 19. Kd2 Qxf5 20. g4 Ne4+
0-1